00410nam a2200145Ia 4500008004100000020001800041041000800059082001700067100001800084245005600102250000600158260006200164300001700226650002100243210716s2010 xx 000 0 und d a9789350230343 aeng a004.604 SNIL aSnider, Lesa. aPhotoshop CS5: the missing manual.bMissing manual. a1 aMumbaibShroff Publishers and Distributors Pvt Ltdc2010 axviii,796,19 aPhotographs(779)